Was fehlt?- Flaggen - Statistiken

Allgemein
  • Dieses Quiz wurde 50 mal gespielt
  • Das Durchschnittsergebnis liegt bei 18 aus 21
Antwortstatistiken
Bildquiz Antwort % Korrekt
Sonne
98%
Sonne
98%
Sonne
98%
Stern
94%
Stern
94%
Stern
94%
Mond/ Halbmond
89%
Mond/ Halbmond
89%
Mond/ Halbmond
89%
Kreis
81%
Kreis
81%
Kreis
81%
Vogel
81%
Vogel
81%
Vogel
81%
Krone
79%
Krone
79%
Krone
79%
Schwert/ Säbel/ Waffe
79%
Schwert/ Säbel/ Waffe
79%
Schwert/ Säbel/ Waffe
79%
Keine übereinstimmenden Quizze gefunden
Verteilung der Resultate
Anzahl Personen mit jedem Resultat
Perzentil nach korrekt beantworteten Fragen
Ihre Resultats-Entwicklung
Sie haben dieses Quiz noch nicht gespielt